Fundamentalsof automobile body structure design

Đã lưu trong:
Sonraí Bibleagrafaíochta
Príomhúdar:  Malen, Donal E
Formáid: Sách
Teanga:Undetermined
Foilsithe:  SEA international  2011
Ábhair:
Clibeanna: Cuir Clib Leis
Gan Chlibeanna, Bí ar an gcéad duine leis an taifead seo a chlibeáil!
Thư viện lưu trữ: Trung tâm Thư viện - Trường Đại học Công nghiệp TP. Hồ Chí Minh
LEADER 00498nam a2200157Ia 4500
001 UIH_06387
008 231011s9999 xx 000 0 und d
082 |a  629.26 
100 |a  Malen, Donal E 
245 0 |a  Fundamentalsof automobile body structure design 
245 0 |c  Malen, Donal E 
260 |b  SEA international 
260 |c  2011 
650 |a  Automobiles; Ô tô; ;  
927 |a Sách 
980 |a Trung tâm Thư viện - Trường Đại học Công nghiệp TP. Hồ Chí Minh